EconLit : 1969 - June 1997
Comprehensive indexed bibliography with selected abstracts of the world's economic literature (over 300 major economic journals and collected volumes) compiled from the American Economic Association's Journal of economic literature and the Index of economic articles in journals and collect...
Spremljeno u:
| Format: | Knjiga |
|---|---|
| Jezik: | Undetermined |
| Izdano: |
Newton Lower Falls, Mass.
SilverPlatter Information Services
1997
|
| Teme: | |
| Oznake: |
Dodaj oznaku
Bez oznaka, Budi prvi tko označuje ovaj zapis!
|
| Thư viện lưu trữ: | Trung tâm Học liệu Trường Đại học Cần Thơ |
|---|
| LEADER | 00888nam a2200193Ia 4500 | ||
|---|---|---|---|
| 001 | CTU_238039 | ||
| 008 | 210402s9999 xx 000 0 und d | ||
| 082 | |a 330 | ||
| 082 | |b E19 | ||
| 245 | 0 | |a EconLit : | |
| 245 | 0 | |b 1969 - June 1997 | |
| 260 | |a Newton Lower Falls, Mass. | ||
| 260 | |b SilverPlatter Information Services | ||
| 260 | |c 1997 | ||
| 520 | |a Comprehensive indexed bibliography with selected abstracts of the world's economic literature (over 300 major economic journals and collected volumes) compiled from the American Economic Association's Journal of economic literature and the Index of economic articles in journals and collective volumes. Over 90% of the articles are in English or include English summaries. | ||
| 650 | |a Kinh tế,Economics | ||
| 650 | |x Tạp chí định kỳ | ||
| 910 | |b nthai | ||
| 980 | |a Trung tâm Học liệu Trường Đại học Cần Thơ | ||